Слуга царю: роман

Detaylı Bibliyografya
Yazar: Ерпылев А. Ю. Андрей Юрьевич
Özet:Иные миры... Они, как паутинки по осени, пронизывают пространство и время, пугающе манят в неизведанное, предсказывают будущее и открывают потайные двери в прошлое. Нет ничего увлекательнее и драматичнее путешествий в иные миры, особенно если тебя зовут Александр Бежецкий и ты за свою сравнительно недолгую жизнь побывал и майором-десантником, и жандармским ротмистром, и даже монархом. Когда позади смерть, а впереди воскрешение из мертвых — выбора нет, особенно если помнить, что миров много, а Отечество едино — твоя Россия. Так послужим царю и Отечеству!
Dil:Rusça
Baskı/Yayın Bilgisi: Москва, Армада, 2004
Seri Bilgileri:Фантастический боевик
Konular:
Materyal Türü: Kitap
KOHA link:https://koha.lib.tpu.ru/cgi-bin/koha/opac-detail.pl?biblionumber=113484

MARC

LEADER 00000nam0a2200000 4500
001 113484
005 20231031121827.0
010 |a 5935564416 
035 |a (RuTPU)RU\TPU\book\122739 
090 |a 113484 
100 |a 20070411d2004 m y0rusy50 ca 
101 0 |a rus 
102 |a RU 
105 |a y z 000ay 
200 1 |a Слуга царю  |e роман  |f А. Ю. Ерпылев 
210 |a Москва  |c Армада  |d 2004 
215 |a 380 с. 
225 1 |a Фантастический боевик 
330 |a Иные миры... Они, как паутинки по осени, пронизывают пространство и время, пугающе манят в неизведанное, предсказывают будущее и открывают потайные двери в прошлое. Нет ничего увлекательнее и драматичнее путешествий в иные миры, особенно если тебя зовут Александр Бежецкий и ты за свою сравнительно недолгую жизнь побывал и майором-десантником, и жандармским ротмистром, и даже монархом. Когда позади смерть, а впереди воскрешение из мертвых — выбора нет, особенно если помнить, что миров много, а Отечество едино — твоя Россия. Так послужим царю и Отечеству! 
610 1 |a русская литература 
610 1 |a фантастика 
610 1 |a боевики 
675 |a Р2  |v 3 
700 1 |a Ерпылев  |b А. Ю.  |g Андрей Юрьевич 
801 1 |a RU  |b 63413507  |c 20070411  |g PSBO 
801 2 |a RU  |b 63413507  |c 20070418  |g PSBO 
942 |c BK